Google Translate Languages - Statistics

General Stats
  • This quiz has been taken 22 times
  • The average score is 73 of 133
Answer Stats
Answer % Correct
Arabic
95%
English
95%
Japanese
95%
Spanish
95%
Chinese (Simplified)
90%
Chinese (Traditional)
90%
Portuguese
90%
Russian
90%
Dutch
85%
French
85%
German
85%
Norwegian
85%
Ukrainian
85%
Albanian
80%
Bengali
80%
Croatian
80%
Estonian
80%
Finnish
80%
Greek
80%
Hindi
80%
Italian
80%
Korean
80%
Lao
80%
Lithuanian
80%
Polish
80%
Serbian
80%
Swedish
80%
Belarusian
75%
Bosnian
75%
Bulgarian
75%
Czech
75%
Danish
75%
Filipino
75%
Icelandic
75%
Irish
75%
Latvian
75%
Romanian
75%
Slovak
75%
Slovenian
75%
Urdu
75%
Zulu
75%
Armenian
70%
Hmong
70%
Macedonian
70%
Malay
70%
Nepali
70%
Pashto
70%
Thai
70%
Turkish
70%
Vietnamese
70%
Amharic
65%
Azerbaijani
65%
Catalan
65%
Georgian
65%
Hebrew
65%
Hungarian
65%
Indonesian
65%
Khmer
65%
Myanmar (Burmese)
65%
Persian
65%
Swahili
65%
Tamil
65%
Welsh
65%
Afrikaans
60%
Basque
60%
Haitian Creole
60%
Kazakh
60%
Kyrgyz
60%
Maltese
60%
Tajik
60%
Uzbek
60%
Gujarati
55%
Igbo
55%
Maori
55%
Mongolian
55%
Samoan
55%
Somali
55%
Turkmen
55%
Yoruba
55%
Luxembourgish
50%
Punjabi
50%
Xhosa
50%
Yiddish
50%
Aymara
45%
Cebuano
45%
Hausa
45%
Javanese
45%
Kurdish (Kurmanji)
45%
Kurdish (Sorani)
45%
Latin
45%
Marathi
45%
Telugu
45%
Guarani
40%
Hawaiian
40%
Quechua
40%
Sinhala
40%
Sundanese
40%
Assamese
35%
Kannada
35%
Kinyarwanda
35%
Malagasy
35%
Malayalam
35%
Scots Gaelic
35%
Corsican
30%
Odia (Oriya)
30%
Sesotho
30%
Sindhi
30%
Tatar
30%
Tigrinya
30%
Bhojpuri
25%
Frisian
25%
Galician
25%
Maithili
25%
Oromo
25%
Uyghur
25%
Bambara
20%
Dhivehi
20%
Esperanto
20%
Ilocano
20%
Lingala
20%
Shona
20%
Chichewa
15%
Konkani
15%
Luganda
15%
Meiteilon (Manipuri)
15%
Tsonga
15%
Twi
15%
Dogri
10%
Krio
10%
Ewe
5%
Sanskrit
5%
Sepedi
5%
Mizo
0%
No matching quizzes found
Score Distribution
Percent of People with Each Score
Percentile by Number Answered
Your Score History
You have not taken this quiz